National Sample Census of Agriculture 2002/2003 (Record no. 7038)

MARC details
000 -LEADER
fixed length control field 00492nam a22001217a 4500
008 - FIXED-LENGTH DATA ELEMENTS--GENERAL INFORMATION
fixed length control field 200415b ||||| |||| 00| 0 eng d
100 ## - MAIN ENTRY--PERSONAL NAME
Personal name United Republic of Tanzania
245 ## - TITLE STATEMENT
Title National Sample Census of Agriculture 2002/2003
Remainder of title Small Holder Agriculture
Statement of responsibility, etc. The United of Republic of Tanzania
Medium English
260 ## - PUBLICATION, DISTRIBUTION, ETC. (IMPRINT)
Place of publication, distribution, etc. Dar Es Salaam
Name of publisher, distributor, etc. National Bureau of Statistics
Date of publication, distribution, etc. 2006
300 ## - PHYSICAL DESCRIPTION
Extent xviii, 354p.
Other physical details Illustration
Dimensions 30cm
650 ## - SUBJECT ADDED ENTRY--TOPICAL TERM
Source of heading or term National Sample Census of Agriculture 2002/2003
942 ## - ADDED ENTRY ELEMENTS (KOHA)
Source of classification or shelving scheme Dewey Decimal Classification
Koha item type BOOKS
Holdings
Withdrawn status Lost status Source of classification or shelving scheme Damaged status Not for loan Home library Current library Date acquired Total Checkouts Barcode Date last seen Price effective from Koha item type
    Dewey Decimal Classification     Mwanza Mwanza 15/04/2020   1000002823 15/04/2020 15/04/2020 BOOKS

IRDP © 2021 :: Managed by ICT Team